00305nam a2200133Ia 4500008004100000020001500041041001200056082001100068100001600079245003600095260002500131300000800156650000700164221030s9999 xx 000 0 und d a8120329805 aEnglish a105.23 aR. P. Singh 0aDigital Power System Protection bPHIaNew Delhic2007 a195 aEE